000 00706nam a2200265Ia 4500
003 OSt
005 20220918163542.0
006 a|||||r|||| 00| 0
007 ta
008 220917b |||||||| |||| 00| 0 eng d
020 _a0130183784 (hbk)
024 _a201,754
037 _cTextual
040 _aARTS
_cARTS
_beng
041 _2eng
_aeng
082 _aSN1:(X:8)y7, P0
100 _aJones Gareth R
_913705
245 0 _aOrganizational theory
_b text and cases
250 _a3rd
260 _aNew Jersey
_bUpper Sandle River
_c2001
300 _axxiii, 599p
_ccm.
650 _aPSYCHOLOGY
942 _hSN1:(X:8)y7, P0
_cTEXL
_2CC
999 _c120050
_d120050